MARC details
| 000 -LEADER |
| campo de control de longitud fija |
01120nac a2200217 a 4500 |
| 003 - IDENTIFICADOR DE NÚMERO DE CONTROL |
| campo de control |
Co-PeBPM |
| 005 - FECHA Y HORA DE LA ÚLTIMA TRANSACCIÓN |
| campo de control |
20250812163953.0 |
| 008 - DATOS DE LONGITUD FIJA--INFORMACIÓN GENERAL |
| campo de control de longitud fija |
240613t[260c]||||xx |||||||||||||| ||und|| |
| 020 ## - NÚMERO INTERNACIONAL ESTÁNDAR DEL LIBRO |
| Número Internacional Estándar del Libro |
9588857152 |
| 040 0# - FUENTE DE CATALOGACIÓN |
| Centro catalogador/agencia de origen |
Co-PeBPM |
| Lengua de catalogación |
spa |
| Centro/agencia transcriptor |
Co-PeBPM |
| Normas de descripción |
rda |
| 041 0# - CÓDIGO DE IDIOMA |
| Código de lengua del texto/banda sonora o título independiente |
spa |
| 082 ## - NÚMERO DE LA CLASIFICACIÓN DECIMAL DEWEY |
| Número de clasificación |
340.11 G65j |
| 100 ## - ENTRADA PRINCIPAL--NOMBRE DE PERSONA |
| Nombre de persona |
Gómez Valencia, Herinaldy. |
| 245 #0 - MENCIÓN DEL TÍTULO |
| Título |
Justicias indígenas de Colombia |
| Resto del título |
: reflexiones para un debate cultural, jurídico y político : pueblos Kogui, Arhuaco, Wiwa, Kankuamo, Nasa, Misak, Yanacona y Camëntsá / $cHerinaldy Gómez Valencia. |
| Mención de responsabilidad, etc. |
/ Herinaldy Gómez Valencia |
| 260 ## - PUBLICACIÓN, DISTRIBUCIÓN, ETC. |
| Lugar de publicación, distribución, etc. |
Bogotá |
| Nombre del editor, distribuidor, etc. |
: Consejo Superior de la Judicatura |
| Fecha de publicación, distribución, etc. |
, 2015 |
| 300 ## - DESCRIPCIÓN FÍSICA |
| Extensión |
744 páginas |
| Otras características físicas |
: ilustraciones |
| Dimensiones |
; 24 cm. |
| 500 ## - NOTA GENERAL |
| Nota general |
Incluye índice y anexo |
| -- |
Publicación donada por el Ministerio de Cultura. Plan Nacional de Lectura y Escritura. Leer es mi cuento 2015. |
| 504 ## - NOTA DE BIBLIOGRAFÍA, ETC. |
| Nota de bibliografía, etc. |
Incluye referencias bibliográficas (páginas 735-741) |
| 650 14 - PUNTO DE ACCESO ADICIONAL DE MATERIA--TÉRMINO DE MATERIA |
| Término de materia o nombre geográfico como elemento de entrada |
Indígenas de Colombia |
| Subdivisión general |
-Aspectos jurídicos |
| -- |
-Colombia |
| Término de materia o nombre geográfico como elemento de entrada |
Derechos de los indígenas |
| Subdivisión general |
-Colombia |
| Término de materia o nombre geográfico como elemento de entrada |
Indígenas de Colombia |
| Subdivisión general |
-Relaciones con el gobierno |
| Fuente del encabezamiento o término |
LEMB |
| 942 ## - ELEMENTOS DE ENTRADA SECUNDARIOS (KOHA) |
| Fuente del sistema de clasificación o colocación |
Clasificación Decimal Dewey |
| Tipo de ítem Koha |
Libros |
| Suprimir en OPAC |
No |